BIBLIOTHÈQUE DE LA MAISON DU MEXIQUE

Logo 1 Logo 2

La ocupación yanqui de la Ciudad de México (notice nᵒ 8387)

détails MARC
000 -Sello discográfico
campo de control de longitud fija 01313nam a2200349 4500
005 - Identificación de versión
campo de control 20251016085022.0
010 ## - Número Estándar Internacional de Libros (ISBN)
Número (ISBN) 968-29-9953-7
035 ## - Otros números de control del sistema
Número de control del sistema 29249
099 ## - fechas locales
Tipo de ítem Koha LIBRO
100 ## - Datos de procesamiento general
Datos de procesamiento general 20021008d1997 m y1spay5003 ba
105 ## - Campo de datos codificados: Material textual, monográfico
Datos codificados de monografía y 001zy
200 1# - Título y mención de responsabilidad
Título propio La ocupación yanqui de la Ciudad de México
Designación general del material texto impreso
Otra información del título 1847-1848
Primer mención de responsabilidad Compilación, prólogo y notas María Gayón Córdova
205 ## - Declaración de edición
Declaración de edición 1a ed
210 ## - Publicación, distribución, etc.
Lugar de publicación, distribución, etc. México
Nombre del editor, distribuidor, etc. Instituto Nacional de Antropología e Historia
-- Consejo Nacional para la Cultura y las Artes
Fecha de publicación, distribución, etc. 1997
215 ## - Descripción física
Designación de material específico y extensión del ítem 534 p
Dimensiones 21 cm
300 ## - Notas generales
Texto de la nota Comisión organizadora de los Homenajes del CL Aniversario de los Niños Héroes : 1847-1997
345 ## - Nota de información de adquisición
Fuente de adquisición/dirección de la suscripción [OBSOLETO] Donación
410 #1 - Series
Título Regiones
607 ## - Nombre geográfico utilizado como tema
Elemento de entrada Batalla de Chapultepec, 1847
Número Koha 14340
607 ## - Nombre geográfico utilizado como tema
Elemento de entrada Batalla de Churubusco, 1847
Número Koha 14341
607 ## - Nombre geográfico utilizado como tema
Elemento de entrada Estados Unidos
Subdivisión temática Historia
Subdivisión cronológica Guerra con México, 1845-1848
Subdivisión temática Campañas
Número Koha 14342
607 ## - Nombre geográfico utilizado como tema
Elemento de entrada México
Subdivisión temática Historia
Subdivisión cronológica Guerra con Estados Unidos, 1845-1848
Subdivisión temática Campañas
Número Koha 14343
660 ## - Código de área geográfica
Código MX
702 ## - Nombre personal - Responsabilidad secundaria
Elemento de entrada Gayón Córdova
Parte del nombre distinta del elemento de entrada María
Número Koha 7917
801 #0 - Fuente de origen
Agencia cm
900 ## -
-- 1/2682
900 ## -
-- 7100214470\081002
942 ## - ELEMENTOS DE ENTRADA SECUNDARIOS (KOHA)
Tipo de ítem Koha Livre
996 ## -
-- MEX
-- 751145101
-- MMAG
-- 005265
-- 917.2 R336 V.62
-- 20210722LIV
Exemplaires
Estatus retirado Estado de daño Estado de pérdida Fecha de adquisición Biblioteca de origen Biblioteca actual Ubicación en estantería Código de barras Precio de reemplazo Signatura topográfica completa No para préstamo Tipo de ítem Koha Nota pública Nota no pública
      05/08/2025 Casa México Paris Casa México Paris   005265 05/08/2025 917.2 R336 V.62   Livre 20210722LIV 751145101